| 000 | 00486 a2200157 4500 | ||
|---|---|---|---|
| 003 | OSt | ||
| 005 | 20240127154706.0 | ||
| 008 | 231214b |||||||| |||| 00| 0 eng d | ||
| 020 | _a9788194192602 | ||
| 040 | _coclc | ||
| 082 |
_a621.38195 _bRAM/F |
||
| 100 |
_aRam, B _91052 |
||
| 245 |
_aFundamentals of microprocessors and microcontrollers / _cB Ram |
||
| 260 |
_bDhanpat Rai Publications, _c2022. |
||
| 942 |
_2ddc _cBK _h621.38195 _iRAM/F _k621.38195 _mRAM/F |
||
| 999 |
_c44206 _d44206 |
||